Wolves Squad 2026 - Statistics

General Stats
  • This quiz has been taken 15 times
  • The average score is 15 of 26
Answer Stats
Nation Age Position Answer % Correct
South Korea 29 ST Hee-Chan Hwang
100%
Portugal 32 GK Jose Sa
100%
Brazil 24 CM Joao Gomes
92%
Spain 23 LB Hugo Bueno
85%
Portugal 22 LM Rodrigo Gomes
85%
Uruguay 27 CB Santiago Bueno
85%
Norway 25 ST Jorgen Strand Larsen
77%
Ireland 33 RB Matt Doherty
77%
England 32 GK Sam Johnstone
77%
Brazil 24 CDM Andre
69%
Norway 23 LB David Moller Wolfe
62%
Ivory Coast 28 CB Emmanuel Agbadou
62%
Czechia 26 CB Ladislav Krejci
62%
Portugal 26 CB Toti
62%
Haiti 27 CM Jean-Ricner Bellegarde
54%
Portugal 18 ST Mateus Mane
54%
Colombia 28 RW Jhon Arias
46%
Nigeria 25 ST Tolu Arokodare
46%
England 32 GK Daniel Bentley
38%
Zimbabwe 29 CM Marshall Munetsi
38%
Colombia 24 CB Yerson Mosquera
38%
Paraguay 20 LW Enso Gonzalez
31%
Brazil 19 RB Pedro Lima
31%
Spain 21 CAM Fer Lopez
23%
Cameroon 24 RB Jackson Tchatchoua
23%
Zimbabwe 22 CAM Tawanda Chirewa
15%
No matching quizzes found
Score Distribution
Percent of People with Each Score
Percentile by Number Answered
Your Score History
You have not taken this quiz